| 000 | 01442nam a2200277Ia 4500 | ||
|---|---|---|---|
| 999 |
_c49285 _d49285 |
||
| 001 | 16201 | ||
| 003 | GE_BSU | ||
| 005 | 20200422204308.0 | ||
| 008 | 181216s2010 ge |||||||||||||| ||geo|| | ||
| 040 | _cGE_BSU | ||
| 041 | _ageo | ||
| 080 | _a616.1/.9 ბ–97 | ||
| 100 |
_aბურკაძე, გიორგი. _93253 |
||
| 245 |
_aზოგადი პათოლოგიის საფუძვლები : _bჰისტოპათოლოგია, ციტოპათოლოგია, მოლეკულური პათოლოგია / _c გიორგი ბურკაძე ; გ. ტურაშვილი ; რედ : ზაზა ავალიანი ; რამაზ ჩიხლაძე . |
||
| 250 | _aმე-2 გამოცემა | ||
| 264 |
_aთბილისი : _bზეკარი, _c2010. |
||
| 300 |
_a375 გვ.: _bცხრ; ილ, _c29 სმ. |
||
| 501 | _aანბ.საძ.გვ;372-375 | ||
| 541 | _h24ლ. | ||
| 653 | _aზოგადი პათოლოგიის საფუძვლები | ||
| 653 | _aმედიცინა | ||
| 700 |
_a ტურაშვილი, გ _97963 |
||
| 700 |
_aჩიხლაძე, რამაზ _eრედაქტორი მეორე გამოც–ის _93256 |
||
| 700 |
_aავალიანი ზაზა _eრედაქტორი _97964 |
||
| 942 |
_cBK _2udc |
||